MASSAGE FOR THERAPISTS (Record no. 1560)

MARC details
000 -LEADER
fixed length control field 00336nam a2200145Ia 4500
008 - FIXED-LENGTH DATA ELEMENTS--GENERAL INFORMATION
fixed length control field 150201s1998 xx 000 0 und d
082 ## - DEWEY DECIMAL CLASSIFICATION NUMBER
Classification number 615.8
Item number M98H
100 ## - MAIN ENTRY--PERSONAL NAME
Personal name HOLLIS , MARGRAT
245 ## - TITLE STATEMENT
Title MASSAGE FOR THERAPISTS
250 ## - EDITION STATEMENT
Edition statement 2ND
260 ## - PUBLICATION, DISTRIBUTION, ETC. (IMPRINT)
Name of publisher, distributor, etc. BLACWALL
Date of publication, distribution, etc. 1998
300 ## - PHYSICAL DESCRIPTION
Extent 1-164
650 ## - SUBJECT ADDED ENTRY--TOPICAL TERM
Topical term or geographic name as entry element PHYSIOTHERAPY
942 ## - ADDED ENTRY ELEMENTS (KOHA)
Source of classification or shelving scheme Dewey Decimal Classification
Koha item type Books
Koha issues (borrowed), all copies 3
Holdings
Withdrawn status Lost status Source of classification or shelving scheme Damaged status Not for loan Collection code Home library Current library Shelving location Date acquired Source of acquisition Cost, normal purchase price SGTU Total Checkouts Full call number Barcode Date last seen Date last checked out Bill Date Koha item type
    Dewey Decimal Classification     MEDICAL SGT Medical Library SGT Medical Library Text Book 22/03/2013 UBS DELHI 304.00 SGTU 5 615.8 M98H FM5481 28/01/2025 15/01/2025 03/05/2013 Books